|
|
|
|
| LEADER |
01030cam a2200265 a 4500 |
| 001 |
0000093739 |
| 005 |
20100429090000.0 |
| 040 |
|
|
|a mod
|
| 041 |
|
|
|a eng
|
| 020 |
|
|
|a 0345287983
|
| 090 |
0 |
0 |
|a 940.542
|b VON
|e 1956
|
| 100 |
1 |
|
|a Von Mellenthin
|h F.W.
|f Maj. Gen.
|
| 245 |
0 |
0 |
|a Panzer battles
|b a study of the employment of amor in the second world war
|c Major Generel F.W.von Mellenthin
|f translated by H.Betzler
|f edited by L.C.F.Turner
|
| 260 |
|
|
|a New York
|b Ballantine Books
|c 1956
|
| 300 |
|
|
|a xix, 458 p.
|b ill. ports., maps.
|c 18 cm
|
| 500 |
|
|
|a Includes index
|
| 650 |
0 |
0 |
|a Tank warfare
|
| 650 |
0 |
0 |
|a World War, 1939-1945
|x Personal narratives
|z German
|
| 650 |
0 |
0 |
|a World War, 1939-1945
|x Campaign
|
| 700 |
1 |
|
|a Turner
|h L.C.F
|
| 700 |
1 |
|
|a Betzler
|h H
|
| 852 |
0 |
0 |
|a 01
|
| 999 |
|
|
|a 1000004979
|b Maktab Pertahanan Angkatan Tentera
|d BOOKS
|e Umum
|f MPAT
|j AVAILABLE
|q GOOD CONDITION
|
| 999 |
|
|
|a B000003861
|b 3 DIV
|d BOOKS
|e Umum
|f 3 DIV
|j AVAILABLE
|q GOOD CONDITION
|
| 999 |
|
|
|a B000013247
|b PUSARTI
|d BOOKS
|e Umum
|f PUSARTI
|j AVAILABLE
|q GOOD CONDITION
|